| 000 | 00444nam a2200169 4500 | ||
|---|---|---|---|
| 001 | 137832 | ||
| 003 | ES-MaACL | ||
| 005 | 20230906195441.0 | ||
| 007 | t| | ||
| 008 | 070214s1921 fr r ||||1| fre d | ||
| 100 | 1 |
_aSalmon, André. _9101999 |
|
| 245 | 1 | 2 |
_aL'entrepreneur d'illuminations / _cAndré Salmon. |
| 250 | _a5e éd. | ||
| 260 |
_aParis : _bF. Paillart, _c1921. |
||
| 300 |
_a284 p. ; _c19 x 12 cm. |
||
| 852 |
_aES-MaACL _jF-12139 |
||
| 999 |
_c137832 _d137832 |
||